• 首页
  • 本馆介绍
  • 公告通知
  • 最新文献
  • 馆藏检索
  • 电子资源
  • 读者导购
  • 参考咨询
  • 我的图书馆
  • 登录
  • 详细信息显示
  • 放入我的书架
  • 预约/预借图书
  • 作者相关作品
  • 分类相关作品
  • 丛书相关作品
  • 出版社相关作品

书目信息

  • 表格格式
  • 工作单格式
  • 卡片格式
题名:
感动中国
    
 
作者: 梁建增 , 高育红 主编
分册:  
出版信息: 北京   中国青年出版社  2007
页数: 351页
开本: 23cm
丛书名:
单 册:
中图分类: I235.2 , K820.76
科图分类:
主题词: 电视节目--解说词--中国--现代--选集 , 名人--生平事迹--中国--2006 , 电视节目 , 解说词 , 名人
电子资源:
ISBN: 978-7-5006-7922-6
000 01108nam0 2200313 450
001 1233803885
005 20121015092358.25
010    @a978-7-5006-7922-6@dCNY28.00
100    @a20080102d2007 em y0chiy50 ea
101 0  @achi
102    @aCN@b110000
105    @aa z 000zd
200 1  @a感动中国@Agan dong zhong guo@e2006年度人物@f梁建增,高育红主编
210    @a北京@c中国青年出版社@d2007
215    @a351页@c照片@d23cm
304    @a英文共同题名:Moves China
330    @a本书包括“感动中国2006年度人物”、“感动中国2006年度入围人物”、“编导手记”及附录等部分,介绍了来自社会各阶层各领域,以“感动中国”和人民为入选新闻人物标准的人们,讲述了他们感动人心的事迹,及其在社会中的反响。
517 1  @a2006年度人物@A2006 nian du ren wu
606 0  @a电视节目@x解说词@y中国@z现代@j选集
606 0  @a名人@x生平事迹@y中国@z2006
606 0  @a电视节目
606 0  @a解说词
606 0  @a名人
690    @aI235.2@v4
690    @aK820.76@v4
701  0 @a梁建增@Aliang jian zeng@4主编
701  0 @a高育红@Agao yu hong@c(女)@4主编
801  0 @aCN@bNLC@c20101222
905    @a10447@dI235.2@eJY83
    
    感动中国:2006年度人物/梁建增,高育红主编.-北京:中国青年出版社,2007
    351页:照片;23cm
    
    
    ISBN 978-7-5006-7922-6:CNY28.00
    本书包括“感动中国2006年度人物”、“感动中国2006年度入围人物”、“编导手记”及附录等部分,介绍了来自社会各阶层各领域,以“感动中国”和人民为入选新闻人物标准的人们,讲述了他们感动人心的事迹,及其在社会中的反响。
●
相关链接 在E读中查询图书 在五车中查询图书 在当当中查询图书 在豆瓣中查询图书


正题名:感动中国     索取号:I235.2/JY83         预约/预借

序号 登录号 条形码 馆藏地/架位号 状态 备注
1 7823606   278236062   学院路分馆/ [索取号:I235.2/JY83] 在馆    
2 7823607   278236071   学院路分馆/ [索取号:I235.2/JY83] 在馆    
3 7823608   278236080   学院路分馆/ [索取号:I235.2/JY83] 在馆    
唐山师范学院图书馆 欢迎您!
大连网信软件有限公司© 版权所有